[Event "SVK-chT5 SE-SI 1819"]
[Site "Slovakia"]
[Date "2019.01.26"]
[Round "6.5"]
[White "Bazovsky, Max"]
[Black "Janota, Frantisek"]
[Result "0-1"]
[WhiteElo "1290"]
[BlackElo "1000"]
[PlyCount "148"]
[EventDate "2018.10.20"]
[EventType "team-tourn"]
[EventRounds "10"]
[EventCountry "SVK"]
[SourceTitle "CBM 189 Extra"]
[Source "ChessBase"]
[SourceDate "2019.06.03"]
[SourceVersion "1"]
[SourceVersionDate "2019.06.03"]
[SourceQuality "1"]
[WhiteTeam "Senica CVC IV"]
[BlackTeam "Skalica IV"]
[WhiteTeamCountry "SVK"]
[BlackTeamCountry "SVK"]

1. d4 d5 2. e3 Nf6 3. Bd3 Nc6 4. c3 e6 5. Nd2 Bd6 6. f4 0-0 7. Ngf3 Re8 8. Ne5 Bd7 9. 0-0 h6 10. Rf3 Bxe5 11. fxe5 Nh7 12. Rg3 Qh4 13. Rg4 Qd8 14. Nf3 Ne7 15. Nh4 Nf5 16. Nxf5 exf5 17. Rf4 Qg5 18. Qf3 c6 19. Bxf5 Bxf5 20. Rxf5 Qg6 21. h4 f6 22. Qh5 Qxh5 23. Rxh5 fxe5 24. Rf5 exd4 25. exd4 Re4 26. Re5 Rxh4 27. Re7 Rb8 28. g3 Re4 29. Rd7 Nf8 30. Rc7 Ne6 31. Rd7 Kf8 32. Bf4 Nxf4 33. gxf4 Rxf4 34. Kg2 Rf7 35. Rd6 Kg8 36. Re1 Rbf8 37. Re2 Rf1 38. Rd7 R1f7 39. Rd6 Rf6 40. Rd7 R6f7 41. Rd6 Rc8 42. b4 b6 43. a4 Rf5 44. a5 bxa5 45. bxa5 c5 46. Re5 Rxe5 47. dxe5 Kf7 48. Rxd5 Ke6 49. c4 a6 50. Kf3 Kf5 51. Rd6 Kxe5 52. Rxa6 Kd4 53. Ra7 Rc6 54. Rxg7 Ra6 55. Rg4+ Kc3 56. Rh4 Rxa5 57. Rxh6 Kxc4 58. Rh4+ Kd3 59. Re4 Ra2 60. Re3+ Kd4 61. Re4+ Kc3 62. Re3+ Kb4 63. Re4+ c4 64. Ke3 Kc3 65. Re6 Rd2 66. Rc6 Rd7 67. Re6 Kc2 68. Rc6 c3 69. Rc5 Kb2 70. Rb5+ Kc1 71. Rc5 c2 72. Ra5 Kb2 73. Rb5+ Kc1 74. Ra5 Kd1 0-1

[Event "SVK-chT5 SE-SI 1819"]
[Site "Slovakia"]
[Date "2018.11.03"]
[Round "2.3"]
[White "Bazovsky, Max"]
[Black "Horak, Viliam"]
[Result "0-1"]
[WhiteElo "1290"]
[BlackElo "1200"]
[PlyCount "68"]
[EventDate "2018.10.20"]
[EventType "team-tourn"]
[EventRounds "10"]
[EventCountry "SVK"]
[SourceTitle "CBM 189 Extra"]
[Source "ChessBase"]
[SourceDate "2019.06.03"]
[SourceVersion "1"]
[SourceVersionDate "2019.06.03"]
[SourceQuality "1"]
[WhiteTeam "Senica CVC IV"]
[BlackTeam "Holic III"]
[WhiteTeamCountry "SVK"]
[BlackTeamCountry "SVK"]

1. d4 d5 2. e3 e6 3. Bd3 c5 4. c3 Nf6 5. Nd2 Nbd7 6. f4 Bd6 7. Ngf3 0-0 8. 0-0 Be7 9. Ne5 Nxe5 10. fxe5 Nd7 11. Rf3 f6 12. Rh3 h6 13. Qg4 f5 14. Qg6 Bg5 15. Qxe6+ Rf7 16. Qxd5 Nf8 17. Qxc5 Be6 18. b4 b6 19. Qb5 Rc8 20. c4 f4 21. Rf3 fxe3 22. Rxf7 exd2 23. Rxg7+ Kxg7 24. Bb2 Bg4 25. Bc2 Be3+ 26. Kh1 Bxd4 27. Rb1 Bxb2 28. Qa4 Bc1 29. h3 Be2 30. Bd1 Qh4 31. Qxa7+ Kg8 32. Qb7 Rd8 33. Rb3 Bxd1 34. Re3 Qe1+ 0-1

[Event "SVK-chT5 SE-SI 1617"]
[Site "Slovakia"]
[Date "2016.12.10"]
[Round "4.3"]
[White "Fajtakova, Silvia"]
[Black "Bazovsky, Max"]
[Result "1-0"]
[WhiteElo "1281"]
[BlackElo "1333"]
[PlyCount "57"]
[EventDate "2016.10.15"]
[EventType "team-tourn"]
[EventRounds "9"]
[EventCountry "SVK"]
[SourceTitle "EXT 2020"]
[Source "ChessBase"]
[SourceDate "2019.10.17"]
[SourceVersion "1"]
[SourceVersionDate "2019.10.17"]
[SourceQuality "1"]
[WhiteTeam "Stefanov II"]
[BlackTeam "Senica CVC III"]
[WhiteTeamCountry "SVK"]
[BlackTeamCountry "SVK"]

1. e4 c5 2. Nf3 g6 3. d4 Bg7 4. dxc5 Qa5+ 5. Bd2 Qxc5 6. Nc3 d6 7. Bb5+ Bd7 8. Bxd7+ Nxd7 9. 0-0 Ngf6 10. Be3 Qb4 11. Nd5 Qb5 12. Nc7+ Kf8 13. Nxb5 b6 14. Nc7 Rc8 15. Nd5 Nxe4 16. Bd4 e5 17. Re1 Nef6 18. Nxf6 Bxf6 19. Bc3 Be7 20. Ng5 h6 21. Ne4 Rc6 22. Qd5 Nb8 23. Bb4 Kg7 24. Nxd6 Bxd6 25. Bxd6 f6 26. Bxb8 Rc5 27. Qd7+ Kg8 28. Rad1 h5 29. Qe7 1-0

[Event "SVK-chT5 SE-SI 1617"]
[Site "Slovakia"]
[Date "2016.10.15"]
[Round "1.5"]
[White "Bazovsky, Max"]
[Black "Ralbovsky, Milan"]
[Result "0-1"]
[WhiteElo "1333"]
[BlackElo "1500"]
[PlyCount "56"]
[EventDate "2016.10.15"]
[EventType "team-tourn"]
[EventRounds "9"]
[EventCountry "SVK"]
[SourceTitle "EXT 2020"]
[Source "ChessBase"]
[SourceDate "2019.10.17"]
[SourceVersion "1"]
[SourceVersionDate "2019.10.17"]
[SourceQuality "1"]
[WhiteTeam "Senica CVC III"]
[BlackTeam "Gbely Nafta IV"]
[WhiteTeamCountry "SVK"]
[BlackTeamCountry "SVK"]

1. d4 d5 2. e3 e6 3. Bd3 Bd6 4. Nc3 Nc6 5. a3 Nf6 6. f4 0-0 7. Nf3 h6 8. Qe2 a6 9. Bd2 Bd7 10. Ne5 Qe7 11. h4 h5 12. 0-0-0 b5 13. g4 Bxe5 14. fxe5 Nxg4 15. e4 Nxd4 16. Qg2 Bc6 17. exd5 exd5 18. Rde1 Nxe5 19. Bf1 Rae8 20. Bh6 Nf5 21. Bg5 Nd3+ 22. Bxd3 Qxe1+ 23. Rxe1 Rxe1+ 24. Kd2 Re5 25. Bf6 Re6 26. Nxd5 Bxd5 27. Qxd5 Rxf6 28. Bxf5 Rd6 0-1